Mathematics: (Record no. 196811)
[ view plain ]
| 000 -LEADER | |
|---|---|
| fixed length control field | 00506nam a22001817a 4500 |
| 005 - DATE AND TIME OF LATEST TRANSACTION | |
| control field | 20231205165416.0 |
| 010 ## - LCCN (DPL NO) | |
| LC control number | ENG-137639 |
| 020 ## - INTERNATIONAL STANDARD BOOK NUMBER | |
| International Standard Book Number | 9788183502689 |
| Terms of availability | 645.00 |
| 035 ## - SYSTEM CONTROL NUMBER | |
| System control number | EN-121171 |
| 037 ## - SOURCE OF ACQUISITION | |
| Source of stock number/acquisition | DBAD/PUB |
| 082 ## - DEWEY DECIMAL CLASSIFICATION NUMBER | |
| Classification number | 510 |
| 100 ## - MAIN ENTRY--PERSONAL NAME | |
| Personal name | Sharma, Anil K. |
| 245 ## - TITLE STATEMENT | |
| Title | Mathematics: |
| Remainder of title | Self-Tutor/ |
| Statement of responsibility, etc | By Anil K. Sharma |
| 260 ## - PUBLICATION, DISTRIBUTION, ETC. (IMPRINT) | |
| Place of publication, distribution, etc | New Delhi |
| Name of publisher, distributor, etc | Sultan Chand |
| Date of publication, distribution, etc | 2005 |
| 270 ## - ADDRESS | |
| Address | New Delhi |
| City | Delhi |
| Postal code | 110002 |
| 300 ## - PHYSICAL DESCRIPTION | |
| Extent | Various Pages |
| Dimensions | 24cm(pbk) |
| 942 ## - ADDED ENTRY ELEMENTS (KOHA) | |
| Source of classification or shelving scheme | Dewey Decimal Classification |
| Item type | English Books |
| Classification part | 510 |
| Call number prefix | SHA |
| Withdrawn status | Lost status | Not for loan | Collection code | Home library | Current library | Date acquired | Source of acquisition | Cost, normal purchase price | Full call number | Barcode | Copy number | Cost, replacement price | Koha item type |
|---|---|---|---|---|---|---|---|---|---|---|---|---|---|
| Non-fiction | Vinoba Puri | Vinoba Puri | 28/07/2023 | DBAD/PUB | 645.00 | 510 SHA | EN-121171 | 1 | 645.00 | English Books |
